Score 0/30 Timer 05:00
5 Plays Today
% Correct
MLB
97.2%
Multiplication
97.1%
Michelangelo
96.7%
Hearts
96.5%
Gas
96.5%
Defender
96.4%
Grain
96.4%
Mo
96.2%
Wimbledon
95.4%
Brass
95%
Honshu
94.6%
Earth
94.4%
Gravitational
94.1%
Cyan
93.9%
Death
93.2%
% Correct
Baritone
92.5%
Parietal
91.9%
Fortitude
91.5%
Slytherin
91.5%
George
89.2%
Adenine
89%
Dipsy
86.5%
Toad
83.2%
Hannibal
78.6%
Cups
78.4%
Pennsylvania
77.2%
Page
71%
Zephyrus
70.2%
Europa
67.5%
Clyde
67.3%
Remove Ads.
Support Sporcle.
Get the best of Sporcle when you Go Orange. This ad-free experience offers more features, more stats, and more fun while also helping to support Sporcle. Thank you for becoming a member.

You're not logged in!

Compare scores with friends on all Sporcle quizzes.
OR
Log In

Show Comments

Extras

Top Quizzes Today


Score Distribution

Your Account Isn't Verified!

In order to create a playlist on Sporcle, you need to verify the email address you used during registration. Go to your Sporcle Settings to finish the process.

Report this User

Report this user for behavior that violates our Community Guidelines.

Details: